Statistics for Baby - Justin Bieber

Click here to take the quiz!

General Stats

  • This quiz has been taken 1,262 times
  • The average score is 267 of 347

Answer Stats

Answer% Correct
I
97%
i
97%
you
97%
a
96%
baby
95%
oh
95%
love
94%
be
93%
an
92%
me
91%
my
91%
the
90%
and
89%
know
89%
like...
88%
like
88%
when
88%
we
87%
ever
86%
heart
86%
just
86%
no
86%
there
86%
are
85%
care
85%
first
85%
was
85%
I'll
84%
in
83%
never
83%
what
83%
say
82%
apart
81%
for
81%
it
81%
mine
80%
play
79%
friends
78%
saying
78%
saying?
78%
always
77%
shout
77%
though
77%
time
76%
we're
76%
whenever
76%
to
75%
broke
74%
item?
74%
can'
73%
girl
73%
Had
73%
had
73%
playing
72%
I'm
71%
thirteen
71%
you'd
71%
would
70%
going
69%
thought
69%
she
68%
believe
67%
can't
67%
eyes
67%
another
66%
right
66%
any
65%
but
65%
crazy
65%
look
65%
there's
65%
together
65%
cool
64%
on
64%
quit
64%
down
63%
ring
63%
buy
62%
don't
62%
need
62%
nobody
62%
won't
62%
anything
61%
bad
61%
dream
61%
from
61%
starbucks
61%
have
60%
star-struck
60%
that
60%
this
60%
wanna
60%
done
59%
her
59%
losing
59%
shake
59%
so
59%
wake
59%
whatever
59%
could
58%
daily
58%
now
58%
up
58%
above
57%
ain't
57%
ooh
57%
noo
56%
pieces
56%
see
56%
'til
56%
woke
56%
around
55%
fix
55%
playground
55%
come
54%
keep
54%
amazing
53%
is
53%
pound
53%
gone
52%
got
52%
made
52%
weekend
52%
beat
51%
street
51%
cause
49%
compared
48%
at
47%
really
47%
school
47%
breaking
46%
us
46%
woah
46%
between
44%
all
43%
came
39%
skipped
38%
or
37%
dazing
35%
knows
35%
luda!
33%

Score Distribution

Percentile by Number Answered

Percent of People with Each Score

Your Score History

You have not taken this quiz